00313nam a22001097a 4500020001800000082001500018100001700033245004400050260005100094300002100145880003700166 a9787536087163 a895.1bCHE aChen, Sijin, aCrisis (Chinese Edition) /cSijin Chen bGuangdong Flower City Publishing House,c2018. a212 p. ;c24 cm. 6245-02\ra危机(中文版)/